If you're talking to me, your career must be in trouble: movies, mayhem, and malice (Record no. 31032)

MARC details
000 -LEADER
fixed length control field 00472nam a2200169Ia 4500
020 ## - INTERNATIONAL STANDARD BOOK NUMBER
ISBN 1- 56282- 788- X
050 ## - CALL MARK
Classification number PN1995.Q44
100 ## - STATEMENT OF RESPONSIBILITY--MAIN AUTHOR NAME
Personal name Joe Queenan
245 #0 - TITLE STATEMENT
Title If you're talking to me, your career must be in trouble: movies, mayhem, and malice
260 ## - PUBLICATION, DISTRIBUTION, ETC. (IMPRINT)
Name of publisher Hyperion books
260 ## - PUBLICATION, DISTRIBUTION, ETC. (IMPRINT)
Year of publication 1994
300 ## - PHYSICAL DESCRIPTION
Number of Pages 267 p
650 ## - SUBJECT ADDED ENTRY--TOPICAL TERM
Topical Term Motion pictures- United states- humor
942 ## - ADDED ENTRY ELEMENTS (KOHA)
Koha item type Books
Holdings
Withdrawn status Lost status Source of classification or shelving scheme Damaged status Not for loan Permanent Location Current Location Date acquired Accession Number Price effective from Koha item type
    Library of Congress Classification     NILE UNIVERSITY OF NIGERIA - MAIN LIBRARY NILE UNIVERSITY OF NIGERIA - MAIN LIBRARY 04/23/2025 0005652 04/23/2025 Books